World Landmarks A-Z Quiz Stats

 Plays Quiz Updated Jul 12, 2017

Support Sporcle.
Go Orange.
Score 0/23 Timer 08:00
2 Plays Today
% Correct
Eiffel Tower, France
96.7%
Great Wall of China, China
96.5%
White House, United States
92.1%
Taj Mahal, India
90.5%
Kilimanjaro, Tanzania
78.9%
Christ the Redeemer, Brazil
77.1%
Victoria Falls, Zambia and Zimbabwe
75.9%
Brandenburg Gate, Germany
70.5%
Machu Picchu, Peru
69.9%
Old Faithful, United States
68.7%
Forbidden City, China
67.4%
Angkor Wat, Cambodia
59.9%
% Correct
Uluru, Australia
59%
The Little Mermaid, Denmark
55.9%
Jefferson Memorial, United States
55.8%
Petra, Jordan
55%
Hagia Sophia, Turkey
47.3%
Dome of the Rock, Israel and Palestine
45.4%
Saint Basil's Cathedral, Russia
43.4%
Rock of Gibraltar, United Kingdom
39.7%
Neuschwanstein, Germany
31.4%
Ziggurat of Ur, Iraq
23.3%
Itsukushima Shrine, Japan
6.4%

You're not logged in!

Compare scores with friends on all Sporcle quizzes.
OR
Log In
Forgot?

From the Vault

Same Role, Different Actors III

by LTH

It's up to you to decide who played the role best.
Remove Ads.
Support Sporcle.
Get the best of Sporcle when you Go Orange. This ad-free experience offers more features, more stats, and more fun while also helping to support Sporcle. Thank you for becoming a member.

Show Comments

Extras

Top Quizzes Today


Score Distribution

Your Account Isn't Verified!

In order to create a playlist on Sporcle, you need to verify the email address you used during registration. Go to your Sporcle Settings to finish the process.

Report this User

Report this user for behavior that violates our Community Guidelines.

Details: